000
00313nam a2200133Ia 4500
008
240624s9999 xx 000 0 und d
041
_a
eng
082
_a
003 DER
100
_a
DEROOS DIRK
245
_a
HADOOP FOR DUMMIES
260
_c
2014
_a
New Delhi
_b
Wiley
300
_a
395 : p. : cm. ; 28
365
_c
RS
_b
33
999
_c
26287
_d
26287